Doanh nghiệp và doanh nhân thành phố Hồ Chí Minh và Cần Thơ

में बचाया:
ग्रंथसूची विवरण
स्वरूप: पुस्तक
भाषा:Undetermined
प्रकाशित: Thành phố Hồ Chí Minh Thống Kê 2003
विषय:
टैग : टैग जोड़ें
कोई टैग नहीं, इस रिकॉर्ड को टैग करने वाले पहले व्यक्ति बनें!
Thư viện lưu trữ: Trung tâm Học liệu Trường Đại học Cần Thơ
LEADER 00513nam a2200169Ia 4500
001 CTU_60905
008 210402s9999 xx 000 0 und d
020 |b 250000 
082 |a 658.02 
082 |b D408 
245 0 |a Doanh nghiệp và doanh nhân thành phố Hồ Chí Minh và Cần Thơ 
260 |a Thành phố Hồ Chí Minh 
260 |b Thống Kê 
260 |c 2003 
650 |a Businessmen 
904 |i Minh, Năm 
980 |a Trung tâm Học liệu Trường Đại học Cần Thơ